000 00727nam a22002177a 4500
999 _c20067
_d20067
005 20180104122410.0
008 180104e 2015CK ||||jr|||| 00| j spa d
040 _aCO-BoIAVH
_cCO-BoIAVH
041 _aspa
044 _ack
082 _a398.329
_bP25p
110 1 _aUniversidad del Magdalena
245 2 0 _aPalabras, Mariposas y pinceles, una nueva mirada a Macondo
260 _as.l:
_bUniversidad del Magdalena,
_bParlamento Andino
_c2015.
300 _a99 páginas
_bilustraciones, fotografías
_c26 x 22cm
650 1 4 _aGabriel Garcia Márqez
_xHomenaje
650 1 4 _aAracataca
650 1 4 _aLiteratura juvenil
650 1 4 _aCuentos infantiles
942 _2ddc
_cLIBRO